| 000 | 00932nam a22002417a 4500 | ||
|---|---|---|---|
| 008 | 240605b mp ||||| |||| 00| 0 mon d | ||
| 020 | _a978-99973-1-445-1 | ||
| 035 | _a25509 | ||
| 040 |
_aHE0623081 _bmon _cMN-UlNLM _dMN-UlNLM _erda |
||
| 041 | _amon | ||
| 042 | _a59352 | ||
| 084 |
_2NNA _a84(0)-44 _bК.98 |
||
| 100 | _aЭрих Кэстнер | ||
| 245 | 0 | _aЭмил ба мөрдөгчид | |
| 264 |
_aУБ. _bМонсудар хэвлэлийн газар _c2021 |
||
| 300 | _a232х. | ||
| 336 |
_2rdacontent _atext _btxt |
||
| 337 |
_2rdamedia _aunmediated _bn |
||
| 338 |
_2rdacarrier _avolume _bnc |
||
| 650 | _aҮйл явдал нь гоёчилж зассан уран зөгнөлийн орчинд бус, тухайн үеийн Берлин хотын орчинд, амьдралд байх бодит дүрүүдийн талаар өг... | ||
| 942 |
_2NNA _cBK |
||
| 999 |
_c895196 _d895253 |
||